000 00384nam a2200145Ia 4500
008 200103s9999||||xx |||||||||||||| ||und||
020 _a08769203010,
040 _aIMU-MPC
082 _aColumn-17
100 _aRajaraman, V. and Sahasrabuddhe, H. V.
245 0 _aComputer Programming in COBOL
260 _bPrentice-Hall of India, New Delhi
_c1989
300 _ax, 268
942 _cBK
999 _c6180
_d6180